| 000 | 00437nam a2200133Ia 4500 | ||
|---|---|---|---|
| 008 | 220217s9999 xx 000 0 und d | ||
| 245 | 0 | _aPhysical testing of rubber. Part A 37. Determination of tendency to adhere to and to corrode metals. | |
| 260 | _c1982 | ||
| 500 | _aStandard number: BS 903 Part A 43 ISO 1431/1-1980 | ||
| 650 | _aAdhesion to corrode metal | ||
| 650 | _aCorrode metals | ||
| 650 | _aPhysical testing | ||
| 942 | _cST | ||
| 999 |
_c73189 _d73189 |
||